Films LGBT par image - Statistiques

Statistiques générales
  • Ce quiz a été pris 450 fois
  • Le résultat moyen est 7 sur 20
Statistiques - réponses
Par images Réponse % Correct
Bohemian Rhapsody
77%
Call Me by Your Name
74%
Le Secret de Brokeback Mountain
67%
Imitation Game
56%
Portrait de la jeune fille en feu
54%
Thelma et Louise
54%
Moonlight
53%
120 battements par minute
48%
Philadelphia
36%
The Rocky Horror Picture Show
30%
Dallas Buyers Club
26%
Harvey Milk
26%
The Danish Girl
26%
Mulholland Drive
24%
Les Garçons et Guillaume, à table !
22%
Mademoiselle
22%
I saw the TV Glow
12%
Les Amours Imaginaires
12%
Laurence Anyways
9%
Lola vers la Mer
1%
Aucun quiz correspondant
Distribution des résultats
% des personnes avec chaque résultat
Percentile par nombre de réponses
Votre historique - résultats
Vous n’avez pas pris ce quiz